000 00411nam a22001697a 4500
003 OSt
005 20211011161929.0
008 211011b |||||||| |||| 00| 0 eng d
040 _cHAWASSA UNIVERSITY
050 _a575.1/COL
082 _a575.1/COL
_b1
100 _aCOLIN EDWARD C.
_912542
245 _aELEMENTS OF GENETICS
260 _aNEW YORK
_bLONDON
_c1956
300 _axv/498
942 _2ddc
_cBOOKS
_n0
999 _c11598
_d11598